| 000 | 00751nam a2200289Ia 4500 | ||
|---|---|---|---|
| 005 | 20260324134619.0 | ||
| 008 | 008 260324s9999 xx 000 0 eng d | ||
| 020 | _a9781410600202 | ||
| 037 | _aEBOOK | ||
| 040 | _aCRL | ||
| 040 | _beng | ||
| 040 | _cCRL | ||
| 041 | _2eng | ||
| 041 | _aeng | ||
| 084 | _qCRL | ||
| 100 |
_aJoan N. Burstyn; Ronnie Casella; Domingo P. Guerra; Howard W. Gordon; Geoff Bender _91197484 |
||
| 245 | 0 | _aPreventing Violence in Schools | |
| 245 | 2 | _bA Challenge To American Democracy | |
| 260 | _bTaylor and Francis | ||
| 260 | _c2001 | ||
| 365 | _a | ||
| 365 | _b145 | ||
| 856 | _uhttp://www.taylorfrancis.com/books/9781410600202 | ||
| 942 | _cEBOOK | ||
| 999 |
_c1797756 _d1797756 |
||